Welcome to CU Library Online Public Access Catalogue (OPAC)

Why leaders can't lead : (Record no. 4645)

MARC details
000 -LEADER
fixed length control field 01004cam a2200265 a 4500
001 - CONTROL NUMBER
control field 2439340
005 - DATE AND TIME OF LATEST TRANSACTION
control field 20250310124332.0
008 - FIXED-LENGTH DATA ELEMENTS--GENERAL INFORMATION
fixed length control field 881223s1989 cauc 001 0 eng
020 ## - INTERNATIONAL STANDARD BOOK NUMBER
International Standard Book Number 1555421520 (alk. paper)
050 00 - LIBRARY OF CONGRESS CALL NUMBER
Classification number HM141
Item number .B434 1989
082 00 - DEWEY DECIMAL CLASSIFICATION NUMBER
Classification number 303.3/4
Edition information 19
100 1# - MAIN ENTRY--PERSONAL NAME
Personal name Bennis, Warren G.
245 10 - TITLE STATEMENT
Title Why leaders can't lead :
Remainder of title the unconscious conspiracy continues /
Statement of responsibility, etc. Warren Bennis.
250 ## - EDITION STATEMENT
Edition statement 1st ed.
260 ## - PUBLICATION, DISTRIBUTION, ETC.
Place of publication, distribution, etc. San Francisco :
Name of publisher, distributor, etc. Jossey-Bass Publishers,
Date of publication, distribution, etc. 1989.
300 ## - PHYSICAL DESCRIPTION
Extent xix, 169 p. :
Other physical details port. ;
Dimensions 24 cm.
440 #4 - SERIES STATEMENT/ADDED ENTRY--TITLE
Title The Jossey-Bass management series
500 ## - GENERAL NOTE
General note Includes index.
650 #0 - SUBJECT ADDED ENTRY--TOPICAL TERM
Topical term or geographic name entry element Leadership.
650 #0 - SUBJECT ADDED ENTRY--TOPICAL TERM
Topical term or geographic name entry element Social change.
856 4# - ELECTRONIC LOCATION AND ACCESS
Materials specified Table of Contents
Uniform Resource Identifier <a href="http://www.loc.gov/catdir/toc/onix06/88046091.html">http://www.loc.gov/catdir/toc/onix06/88046091.html</a>
856 42 - ELECTRONIC LOCATION AND ACCESS
Materials specified Contributor biographical information
Uniform Resource Identifier <a href="http://www.loc.gov/catdir/enhancements/fy0707/88046091-b.html">http://www.loc.gov/catdir/enhancements/fy0707/88046091-b.html</a>
856 42 - ELECTRONIC LOCATION AND ACCESS
Materials specified Publisher description
Uniform Resource Identifier <a href="http://www.loc.gov/catdir/enhancements/fy0707/88046091-d.html">http://www.loc.gov/catdir/enhancements/fy0707/88046091-d.html</a>
942 ## - ADDED ENTRY ELEMENTS (KOHA)
Source of classification or shelving scheme Library of Congress Classification
Koha item type Books
Edition 1st Ed.
Suppress in OPAC No
999 ## -
-- 4645
-- 4645
Holdings
Withdrawn status Lost status Source of classification or shelving scheme Damaged status Not for loan Collection Home library Current library Shelving location Date acquired Total checkouts Full call number Barcode Date last seen Copy number Price effective from Koha item type
    Library of Congress Classification     Non-fiction Business Library (Miotso) Business Library (Miotso) General stacks 03/10/2025   HM141 .B434 1989 BSSM00001291 03/10/2025 1 03/10/2025 Books
© 2023-2024 Copyright: Central University Libraries. All Rights Reserved | Created by: Mahone Tech Office